000 00260nam a22001217a 4500
008 181217b xxu||||| |||| 00| 0 eng d
041 _aeng
080 _a510
100 _a37
101 _aMAT
245 _aLattice Dynamics
_cMaradudin.A.A
942 _2udc
_cBK
999 _c53145
_d53145